LEADER 00983cam0-22003371i-450 001 990003946970403321 005 20200401192507.0 010 $a0-521-36620-8 035 $a000394697 035 $aFED01000394697 035 $a(Aleph)000394697FED01 035 $a000394697 100 $a20030317d1989----kmuy0itay50------ba 101 0 $aeng 102 $aGB 105 $ay-------001yy 200 1 $aContracting for property rights$fGary D. Libecap 210 $aCambridge$cCambridge University Press$d1989 215 $aIX, 132 p.$d24 cm 225 $aPolitical economy of institutions and decisions 451 1$1001990003036680403321 610 0 $aProprietà$aDiritto$AStati Uniti d'America 676 $a323.46$v22$zita 700 1$aLibecap,$bGary D.$0120425 801 0$aIT$bUNINA$gRICA$2UNIMARC 901 $aBK 912 $a990003946970403321 952 $aD2.13$b1392$fDECTS 959 $aDECTS 996 $aContracting for property rights$9513856 997 $aUNINA LEADER 01157nas 2200373- 450 001 996321517103316 005 20220225213022.0 011 $a2054-8923 035 $a(DE-599)ZDB2806694-7 035 $a(OCoLC)903556060 035 $a(CKB)3830000000000012 035 $a(CONSER)--2015268508 035 $a(EXLCZ)993830000000000012 100 $a20150217a20159999 o-- a 101 0 $aeng 135 $aur||||||||||| 181 $ctxt$2rdacontent 182 $cc$2rdamedia 183 $acr$2rdacarrier 200 00$aSTAR: Science and technology of archaeological research 210 1$a[Philadelphia, PA] :$cManey Online,$d2015- 215 $a1 online resource 300 $aRefereed/Peer-reviewed 517 1 $aSTAR 606 $aArchaeology$xResearch$vPeriodicals 606 $aArchaeology$xResearch$2fast$3(OCoLC)fst00812982 608 $aPeriodicals.$2fast 615 0$aArchaeology$xResearch 615 7$aArchaeology$xResearch. 712 02$aSociety for Archaeological Sciences (U.S.), 906 $aJOURNAL 912 $a996321517103316 996 $aSTAR: Science and technology of archaeological research$92223067 997 $aUNISA LEADER 01863nas 2200529 c 450 001 9910893113903321 005 20260218110739.0 035 $a(CKB)5280000000196620 035 $a(DE-599)ZDB2475639-8 035 $a(OCoLC)1184400392 035 $a(OCoLC)643074055 035 $a(DE-101)992279240 035 $a(DE-599)2475639-8 035 $a(EXLCZ)995280000000196620 100 $a20090126a20079999 |y | 101 0 $ager 135 $aur||||||||||| 181 $ctxt$2rdacontent 182 $cc$2rdamedia 183 $acr$2rdacarrier 200 10$aHilfen im Alter / Caritas Bodensee-Oberschwaben$eJahresbericht ... ; Unterstützung von älteren Menschen und ihren Angehörigen und Begleitung von Ehrenamtlichen 210 31$aRavensburg$cCaritas$d2007- 215 $aOnline-Ressource 225 0 $aEinblicke 300 $aGesehen am 26.11.18 606 $aAlter$3(DE-588)4001446-0$3https://d-nb.info/gnd/4001446-0$3(DE-101)040014460$2gnd 606 $aBeratung$3(DE-588)4005565-6$3https://d-nb.info/gnd/4005565-6$3(DE-101)040055655$2gnd 606 $aHilfe$3(DE-588)4444536-2$3https://d-nb.info/gnd/4444536-2$3(DE-101)949892912$2gnd 606 $aAlter$3(DE-588)4001446-0$3https://d-nb.info/gnd/4001446-0$3(DE-101)040014460$2gnd 606 $aBeratung$3(DE-588)4005565-6$3https://d-nb.info/gnd/4005565-6$3(DE-101)040055655$2gnd 606 $aHilfe$3(DE-588)4444536-2$3https://d-nb.info/gnd/4444536-2$3(DE-101)949892912$2gnd 608 $aZeitschrift$2gnd-content 608 $aBericht$2gnd-content 615 7$aAlter. 615 7$aBeratung. 615 7$aHilfe. 615 7$aAlter. 615 7$aBeratung. 615 7$aHilfe. 676 $a360 801 0$b0024 801 1$bDE-101 801 2$b4022 906 $aJOURNAL 912 $a9910893113903321 996 $aHilfen im Alter$94253911 997 $aUNINA